000 00264nam a2200109Ia 4500
008 190216s9999||||xx |||||||||||||| ||und||
100 _aAggarwala S K Phaul D S
245 0 _aObjective Type Botany
260 _bBright Careers
_c1994
300 _a360p
942 _cREF
999 _c36393
_d36393